Central Library OPAC University of Rajshahi
Normal view MARC view

Entry Personal Name

Number of records used in: 4

001 - CONTROL NUMBER

  • control field: 17276

003 - CONTROL NUMBER IDENTIFIER

  • control field: BD-RjUL

005 - DATE AND TIME OF LATEST TRANSACTION

  • control field: 20251103122625.0

008 - FIXED-LENGTH DATA ELEMENTS

  • fixed length control field: 251103|| aca||aabn | a|a d

040 ## - CATALOGING SOURCE

  • Original cataloging agency: BD-RjUL
  • Transcribing agency: BD-RjUL

100 ## - HEADING--PERSONAL NAME

  • Personal name: Levy, René,
  • Titles and other words associated with a name: Dr. phil

670 ## - SOURCE DATA FOUND

  • Source citation: Work cat.: (BD-RjUL)85912: Levy, René, Dr. phil., Die schweizerische Sozialstruktur /, 1989, c1982.